000 00748cab a2200205 4500
001 ##L133602
008 060522n2006 000 0 eng u
035 _a(Sirsi) u133602
041 0 _aeng
100 1 _aGreig-Smith, Heather
245 0 0 _aGreater Manchester
_bregional
260 _c2006
490 0 _aProperty Week
_v71(20) 19 May 2006, 79-114(15)
520 _aReports on the possibility of a joint BBC ITV Granada site at Salford Quays; plans to introduce strata-selling for commercial space; retail development plans in Stockport; and changes in zone A retail rents.
590 _aIKA230506
651 4 _aGREATER MANCHESTER
651 4 _aSTOCKPORT
690 _aPROPERTY-COMMERCIAL PROPERTY-COMMERCIAL PROPERTY MARKET
942 _n0
999 _c77107
_d77107